| 000 | 00387nam a22001457a 4500 | ||
|---|---|---|---|
| 005 | 20250716154742.0 | ||
| 008 | 250716b |||||||| |||| 00| 0 eng d | ||
| 020 | _a0802420435 | ||
| 050 |
_aBS 2615 _b.2 HAR |
||
| 100 | _aHARRISON EVERETT, F | ||
| 245 |
_aJOHN _bThe Gospel of Faith _cEVERETT F. HARRISON |
||
| 260 |
_aCHICAGO _bMOODY PRESS _cc1962 |
||
| 300 | _a128p.; | ||
| 942 |
_2lcc _cBK _n0 |
||
| 999 |
_c7001 _d7001 |
||